000 00411nam a2200169Ia 4500
008 230524s9999 xx 000 0 und d
020 _a8120301242
082 _a621.3821
_bMOT
100 _aAllen Mottershead
245 0 _aElectronic Devices and Circuits
250 _a28TH
260 _aNEW DELHI
_bPHI
_c2003
300 _aXXIV;648
500 _aQuantity Number: 7
650 _aElectronics
942 _cBK
999 _c9885
_d9885